| 000 | 01144nam0a2200349 4500 | ||
|---|---|---|---|
| 001 | RU\NLR\bibl\531168 | ||
| 005 | 20250609151414.0 | ||
| 010 |
_a5-86335-080-6 _bв обл. _950 |
||
| 021 |
_aRU _b2004-2408 _9124 |
||
| 035 | _aRSL-KNO-002404617 | ||
| 035 | _a(NLR Aleph) 000523487 | ||
| 090 |
_a1307929 _c1307929 |
||
| 100 | _a20040305d2004 |||y0rusy50 ca | ||
| 101 | 0 | _arus | |
| 102 | _aRU | ||
| 105 | _aah ||||||||| | ||
| 106 | _ar | ||
| 200 | 1 |
_aВозраст незабудок _eКиноповесть _f[Сост. и ил. А. Можуховской _gВступление Е. Можуховской] |
|
| 210 |
_aМ. _cЭребус _d2004 _eТип. ЗАО Эребус-Принт |
||
| 215 |
_a86 с., [2] л. ил. _cил., факс. _d21 |
||
| 686 |
_aЦ35(2)722я44:ХЛ _2rubbk |
||
| 686 |
_aШ5(2=Р)75-668 _2rubbk |
||
| 686 | _aШ6(2=Р)75-68 | ||
| 686 | _aЩ374.9(2) | ||
| 702 | 1 |
_aМожуховская _bА. _gАнна _4220 |
|
| 801 | 0 |
_aRU _bRuMoRKP _c20040305 _gPSBO |
|
| 801 | 1 |
_aRU _bRuMoRKP _c20040305 |
|
| 801 | 2 |
_aRU _bNLR _c20040621 _gPSBO |
|
| 942 | _cBOOK | ||
| 980 | _aNB | ||